[Event "9th Asian Continental w"]
[Site "Olongapo City PHI"]
[Date "2010.04.27"]
[Round "7"]
[White "Tan Zhongyi"]
[Black "Hoang Thi Bao Tram"]
[Result "1-0"]
[WhiteElo "2464"]
[BlackElo "2318"]
[EventDate "2010.04.21"]

1. d4 d5 2. c4 c6 3. Nf3 e6 4. Nc3 f5 5. Bf4 Nf6 6. e3 Be7 7. Bd3 O-O 8.
Qc2 Ne4 9. g4 Kh8 10. Rg1 Bf6 11. g5 Be7 12. g6 Nd7 13. gxh7 Bf6 14. h4 Qe8
15. cxd5 exd5 16. O-O-O b5 17. Ng5 Nb6 18. Rg2 Bd7 19. Ne2 c5 20. Bxe4 cxd4
21. Bf3 Rc8 22. Bc7 Be5 23. Bxe5 Rxc2+ 24. Kxc2 Qxe5 25. Rxd4 Rc8+ 26. Kb1
Qc7 27. Rg1 Qc2+ 28. Ka1 Be8 29. b3 Qc6 30. Rc1 Qb7 31. Rxc8 Qxc8 32. Kb2
a5 33. Nf4 b4 34. Kb1 g6 35. Bxd5 Nxd5 36. Rxd5 Qa6 37. Rd8 Qf1+ 38. Kc2
Qxf2+ 39. Kd3 Qf1+ 40. Kd2 1-0

[Event "9th Asian Continental w"]
[Site "Olongapo City PHI"]
[Date "2010.04.27"]
[Round "7"]
[White "Sukandar,I"]
[Black "Sachdev,T"]
[Result "1/2-1/2"]
[WhiteElo "2316"]
[BlackElo "2393"]
[EventDate "2010.04.21"]

1. e4 e5 2. Nf3 Nc6 3. Bc4 Nf6 4. d3 Bc5 5. c3 O-O 6. Bb3 d5 7. Qe2 h6 8.
h3 dxe4 9. dxe4 Qe7 10. O-O a6 11. Re1 Bd7 12. Nbd2 Rad8 13. Bc2 Nh5 14.
Nf1 Nb4 15. Bb1 Bb5 16. c4 Bd7 17. a3 Nc6 18. b4 Nd4 19. Qd1 Nxf3+ 20. Qxf3
Bd4 21. Ra2 Qh4 22. Ne3 Bxe3 23. Bxe3 Be6 24. Rc2 f5 25. exf5 Bxf5 26. Qxb7
Bxc2 27. Bxc2 Qxc4 28. Rc1 Qe6 29. Qe4 Nf6 30. Qg6 Qf7 31. Qg3 Nh5 32. Qxe5
Rde8 33. Qc3 Nf4 34. Kh1 Qf6 35. Qc4+ Kh8 36. Bb1 Qg5 37. Rg1 Rf6 38. Qc2
Qg6 39. Qxc7 Qg5 40. Qc2 Qg6 41. Qa4 Qh5 42. Bxf4 Rxf4 43. Qxa6 Rf6 44. Kh2
Qe5+ 45. Kh1 Qh5 46. Kh2 Qe5+ 47. Kh1 Qh5 48. Kh2 1/2-1/2

[Event "9th Asian Continental w"]
[Site "Olongapo City PHI"]
[Date "2010.04.27"]
[Round "7"]
[White "Meenakshi,Sub"]
[Black "Kiran,M"]
[Result "1/2-1/2"]
[WhiteElo "2348"]
[BlackElo "2259"]
[EventDate "2010.04.21"]

1. d4 Nf6 2. c4 g6 3. d5 Bg7 4. Nc3 O-O 5. Nf3 d6 6. g3 c6 7. Bg2 a5 8. O-O
e5 9. Be3 Ng4 10. Bg5 f6 11. Bd2 f5 12. Bg5 Nf6 13. Qd2 c5 14. e4 fxe4 15.
Nh4 Qe8 16. Rae1 Bd7 17. Bxe4 Nxe4 18. Nxe4 Bh3 19. Nxd6 Qd7 20. Ne4 Bxf1
21. Rxf1 b6 22. Bh6 Bxh6 23. Qxh6 Qg7 24. Qd2 Nd7 25. Ng2 Nf6 26. Ng5 Qd7
27. Ne6 Rfe8 28. Qg5 Ne4 29. Qe3 Nd6 30. Qxe5 Nxc4 31. Qc3 Nd6 32. Ne3 Rxe6
33. dxe6 Qxe6 34. Rd1 Ne4 35. Qc4 Qxc4 36. Nxc4 b5 37. Ne5 c4 38. f3 Nc5
39. Rd5 Rc8 40. a4 c3 41. bxc3 bxa4 42. Nc4 Nb3 43. Nxa5 Rxc3 44. Nxb3 axb3
45. Kg2 b2 46. Rb5 Rc2+ 47. Kh3 Kf7 48. g4 g5 49. Rb6 Ke7 50. Kg3 Kd7 51.
h4 h6 52. hxg5 hxg5 53. f4 Rc3+ 54. Kf2 gxf4 55. Rxb2 Rg3 56. Rb4 Rxg4 57.
Kf3 1/2-1/2

[Event "9th Asian Continental w"]
[Site "Olongapo City PHI"]
[Date "2010.04.27"]
[Round "7"]
[White "Salvador,A"]
[Black "Lkhamsuren,U"]
[Result "0-1"]
[WhiteElo "2058"]
[BlackElo "2115"]
[EventDate "2010.04.21"]

1. e4 e6 2. d4 d5 3. Nc3 Bb4 4. exd5 exd5 5. Bd3 Ne7 6. Qf3 c5 7. Qg3 O-O
8. Nf3 Nf5 9. Bxf5 Bxf5 10. Be3 Bxc2 11. O-O c4 12. h4 Bg6 13. Qh3 Bxc3 14.
bxc3 Qc8 15. Qg3 Nd7 16. Bg5 Nb6 17. a4 Qf5 18. a5 Nd7 19. Rab1 h6 20. h5
Bxh5 21. Bxh6 Qg4 22. Rxb7 Qxg3 23. fxg3 Nf6 24. Ne5 Rfb8 25. a6 Re8 26.
Bf4 Re6 27. g4 Bxg4 28. Nxg4 Nxg4 29. Bb8 Rxa6 30. Rfxf7 Ra1+ 31. Rf1 Rxf1+
32. Kxf1 a5 33. Bd6 a4 34. Rb2 Kf7 35. Ke2 Ke6 36. Ba3 Kf5 37. Rb7 g5 38.
Rf7+ Kg6 39. Re7 Nf6 40. Kd2 Ne4+ 41. Kc2 Rf8 42. Re6+ Rf6 43. Rxf6+ Kxf6
44. Kb2 Kf5 45. Bb4 Kf4 46. Ka3 Ke3 47. Kxa4 Kd3 48. Kb5 g4 49. Kc6 Nxc3
50. Kc5 Na2 51. Ba3 Ke4 0-1

[Event "9th Asian Continental w"]
[Site "Olongapo City PHI"]
[Date "2010.04.27"]
[Round "7"]
[White "Hoang Thi Nhu Y"]
[Black "Hakimifard,G"]
[Result "1/2-1/2"]
[WhiteElo "2200"]
[BlackElo "2151"]
[EventDate "2010.04.21"]

1. Nf3 d5 2. d4 Nf6 3. c3 Bf5 4. Qb3 Qc8 5. Bf4 Nbd7 6. Nbd2 h6 7. h3 e6 8.
c4 c6 9. e3 Be7 10. Be2 Ne4 11. Rc1 g5 12. Bh2 h5 13. cxd5 exd5 14. Nxe4
Bxe4 15. Bd3 Bxf3 16. gxf3 Nb6 17. Ke2 Rh6 18. Qc2 Nc4 19. f4 Qxh3 20. Bf5
g4 21. Bg3 Qg2 22. Bxg4 hxg4 23. Rxh6 Qf3+ 24. Kd3 Bb4 25. Rh8+ Kd7 26.
Rxa8 Qe4+ 27. Ke2 Qf3+ 28. Kd3 Qe4+ 29. Ke2 Qf3+ 30. Kd3 Qe4+ 1/2-1/2

[Event "9th Asian Continental w"]
[Site "Olongapo City PHI"]
[Date "2010.04.27"]
[Round "7"]
[White "Pham Le Thao Nguyen"]
[Black "Muminova,N"]
[Result "1/2-1/2"]
[WhiteElo "2338"]
[BlackElo "2338"]
[EventDate "2010.04.21"]

1. Nf3 Nf6 2. c4 e6 3. g3 d5 4. Bg2 Be7 5. O-O O-O 6. d4 dxc4 7. Qc2 b5 8.
a4 c6 9. axb5 Nd5 10. Qxc4 cxb5 11. Qxb5 Bd7 12. Qd3 Nc6 13. Nc3 Ndb4 14.
Qd1 Bf6 15. Be3 Rc8 16. Ne4 Be7 17. Bg5 f6 18. Bd2 Rb8 19. Bc3 Qc7 20. Ne1
Rfd8 21. Nd3 Be8 22. Nxb4 Bxb4 23. e3 Be7 24. Qe2 Nb4 25. Rfc1 Rdc8 26. h4
Bb5 27. Qh5 Nd3 28. Rd1 Bc4 29. Rd2 Rb5 30. Qd1 Nb4 31. Qa4 a6 32. Qd1 Bd5
33. Qf1 Bc6 34. Qb1 Bd5 35. f3 h6 36. Nc5 Bxc5 37. dxc5 Qxc5 38. Kh2 Bc4
39. e4 Rbb8 40. Qd1 Nc6 41. Rd7 Rd8 42. f4 e5 43. Qg4 Rxd7 44. Qxd7 Rd8 45.
Qc7 Bb5 46. fxe5 fxe5 47. Rg1 Kh8 48. Bh3 Be2 49. Qf7 Rf8 50. Qd5 Qxd5 51.
exd5 Nd4 52. Bg2 Nf3+ 53. Bxf3 Bxf3 54. d6 e4 55. Ba5 Bg4 56. Re1 Re8 57.
Re3 Kg8 58. Kg2 Kf7 59. Bb4 Re5 60. Kf2 Rf5+ 61. Ke1 Re5 62. Kd2 Bf5 63.
Rc3 Rd5+ 64. Ke2 g6 65. Rc7+ Ke8 66. Ke3 a5 67. Bc5 a4 68. Kf4 h5 69. Ba3
Rd3 70. Rc3 Rd2 71. Rc8+ Kf7 72. Rc7+ Ke8 1/2-1/2

[Event "9th Asian Continental w"]
[Site "Olongapo City PHI"]
[Date "2010.04.27"]
[Round "7"]
[White "Suede,M"]
[Black "Bernales,C"]
[Result "0-1"]
[WhiteElo "1949"]
[BlackElo "2043"]
[EventDate "2010.04.21"]

1. e4 e6 2. d4 d5 3. Nd2 Nf6 4. e5 Nfd7 5. Bd3 c5 6. c3 Nc6 7. Ne2 Qb6 8.
Nf3 cxd4 9. cxd4 f6 10. exf6 Nxf6 11. O-O Bd6 12. a3 O-O 13. Bc2 Kh8 14.
Qd3 e5 15. dxe5 Nxe5 16. Nxe5 Bxe5 17. Nc3 Be6 18. Bg5 Bg8 19. Na4 Qc7 20.
h3 h6 21. Bxf6 Rxf6 22. Bb3 Rc8 23. Rad1 Rf4 24. Qb5 a6 25. Qb6 Qe7 26. g3
Rc6 27. Qe3 Re4 28. Qa7 Rg6 29. Rd2 Qg5 30. Rd3 Qh4 31. Kg2 Rxa4 32. Bxa4
Qe4+ 33. Rf3 Bd4 34. Bc2 Qxf3+ 35. Kxf3 Rf6+ 36. Kg4 Be6+ 37. Kh4 g5+ 38.
Kh5 Bxa7 39. h4 Bf7+ 40. Kg4 gxh4 41. Bf5 Bh5+ 42. Kxh5 Rxf5+ 43. Kxh4 Bxf2
44. Kh3 Rf6 45. b3 Kg7 46. Kg2 Bxg3 0-1

[Event "9th Asian Continental w"]
[Site "Olongapo City PHI"]
[Date "2010.04.27"]
[Round "7"]
[White "Dewi,A"]
[Black "Mendoza,B"]
[Result "1/2-1/2"]
[WhiteElo "1945"]
[BlackElo "2078"]
[EventDate "2010.04.21"]

1. e4 Nc6 2. Nf3 e5 3. Bb5 Nf6 4. d3 Bc5 5. c3 d6 6. h3 O-O 7. O-O Bb6 8.
Nbd2 a6 9. Ba4 Ba7 10. Re1 b5 11. Bb3 Ne7 12. Nf1 Ng6 13. Ng3 Bb7 14. Bg5
h6 15. Bd2 d5 16. Qc1 Kh7 17. Bc2 dxe4 18. dxe4 Ng8 19. Nf5 f6 20. Bb3 N6e7
21. Ng3 c5 22. Be6 Bc8 23. Bxc8 Rxc8 24. Qc2 c4 25. Rad1 Qc7 26. Bc1 Rfd8
27. Qe2 Rxd1 28. Rxd1 Rd8 29. Nh4 g6 30. Nf3 Bb6 1/2-1/2

[Event "9th Asian Continental w"]
[Site "Olongapo City PHI"]
[Date "2010.04.27"]
[Round "7"]
[White "Al Zarouni,K"]
[Black "Xu Huahua"]
[Result "0-1"]
[WhiteElo "1868"]
[BlackElo "2082"]
[EventDate "2010.04.21"]

1. e4 c5 2. c3 d5 3. exd5 Qxd5 4. d4 cxd4 5. cxd4 Nc6 6. Be3 e6 7. a3 Nf6
8. Nc3 Qd8 9. Bb5 Be7 10. Nf3 O-O 11. Ne5 Bd7 12. Bd3 Nxe5 13. dxe5 Nd5 14.
Nxd5 exd5 15. O-O Be6 16. Bc2 Qd7 17. Qd2 Rfd8 18. Bd4 b6 19. Rac1 Rac8 20.
Bb1 Bc5 21. b4 Bxd4 22. Qxd4 Rc4 23. Qd3 g6 24. Ba2 Bf5 25. Qd2 Rxc1 26.
Rxc1 d4 27. h3 d3 28. Bb3 Qd4 29. Rc7 Rd7 30. Rxd7 Bxd7 31. Kf1 Be6 32. Bd1
Bc4 33. f4 b5 34. Qf2 Qa1 35. Qf3 Qxa3 36. Qa8+ Kg7 37. Qd8 Qxb4 38. Qf6+
Kg8 39. Qd8+ Qf8 40. Qd4 a5 41. Kf2 Qc8 42. g4 a4 43. Bf3 a3 44. Bb7 Qb8
45. Be4 a2 46. Ke3 b4 47. Bxd3 Bxd3 48. Kxd3 b3 49. Qb2 Qa8 50. Qa1 b2 0-1

[Event "9th Asian Continental w"]
[Site "Olongapo City PHI"]
[Date "2010.04.28"]
[Round "8"]
[White "Sachdev,T"]
[Black "Pourkashiyan,A"]
[Result "1/2-1/2"]
[WhiteElo "2393"]
[BlackElo "2292"]
[EventDate "2010.04.21"]

1. d4 d5 2. c4 Nc6 3. Nc3 dxc4 4. Nf3 Nf6 5. Bg5 h6 6. Bxf6 exf6 7. e3 Bd6
8. Bxc4 O-O 9. O-O Ne7 10. Ne4 Bf5 11. Nfd2 c6 12. Nxd6 Qxd6 13. Nb3 Nc8
14. Rc1 Qe7 15. a3 Nd6 16. Bd3 Rfe8 17. Na5 Rad8 18. b4 Bxd3 19. Qxd3 f5
20. Qb3 f4 21. Rfe1 Nf5 22. Qb1 Nd6 23. exf4 Qf6 24. Re5 Qxf4 25. Rce1 Qxd4
26. Rxe8+ Rxe8 27. Rxe8+ Nxe8 28. Nxb7 Nd6 29. Nxd6 Qxd6 30. Qc1 Qd5 31. h3
a6 32. Qe3 h5 33. Qe2 a5 34. bxa5 Qxa5 35. Qe8+ Kh7 36. Qxf7 Qe1+ 37. Kh2
Qe5+ 38. f4 Qb5 39. Qe7 Qc4 40. Qg5 Qf7 41. a4 c5 42. a5 c4 43. Qe5 h4 44.
Qg5 Qf6 45. Qh5+ Qh6 46. Qxh6+ Kxh6 47. a6 c3 48. a7 c2 49. a8=Q c1=Q 50.
Qh8+ Kg6 51. Qxh4 Qd2 52. Qg5+ Kh7 53. h4 Qc1 54. f5 Qc7+ 55. Qg3 Qe7 56.
Kh3 Qe4 57. Qf3 Qe1 58. g4 Qe8 59. g5 Qc8 60. Qe4 Kh8 61. Kg4 Qd8 62. Kh5
Qg8 63. Qe7 Qh7+ 64. Kg4 Qg8 65. f6 Qc4+ 66. Kh5 Qf7+ 67. Kg4 Qc4+ 68. Kf5
Qd3+ 69. Ke6 Qc4+ 70. Kd7 Qb5+ 71. Kc8 Qa6+ 72. Qb7 Qxb7+ 73. Kxb7 gxf6 74.
gxf6 Kg8 75. h5 Kh7 1/2-1/2

[Event "9th Asian Continental w"]
[Site "Olongapo City PHI"]
[Date "2010.04.28"]
[Round "8"]
[White "Ding Yixin"]
[Black "Meenakshi,Sub"]
[Result "1-0"]
[WhiteElo "2315"]
[BlackElo "2348"]
[EventDate "2010.04.21"]

1. e4 e5 2. Nf3 Nc6 3. Bb5 a6 4. Ba4 Nf6 5. O-O b5 6. Bb3 Bc5 7. c3 d6 8.
d3 O-O 9. Bg5 h6 10. Bh4 Bb6 11. a4 Rb8 12. axb5 axb5 13. Na3 b4 14. Nc4
bxc3 15. bxc3 Be6 16. Nxb6 Rxb6 17. Ba4 Qe7 18. h3 Rfb8 19. Nd2 g5 20. Bg3
Na5 21. d4 Nc4 22. Nxc4 Bxc4 23. Re1 Bb3 24. Bxb3 Rxb3 25. dxe5 dxe5 26.
Ra5 R3b5 27. Rxb5 Rxb5 28. Qf3 Qe6 29. Ra1 Kg7 30. Qd3 Rc5 31. Ra8 Qd7 32.
Qb1 Rb5 33. Qc2 Qc6 34. Ra4 Rc5 35. Rb4 Rxc3 36. Qb2 Nd7 37. Kh2 f6 38. Qd2
Nb6 39. Rb2 Rc4 40. f3 Qd7 41. Qa5 Qd4 42. Qa3 Qc5 43. Qd3 Rd4 44. Qb3 Qc4
45. Qa3 Rd7 46. Bf2 Qc1 47. Be3 Qc6 48. Qb3 Rd6 49. Rc2 Qb7 50. Qb5 Qb8 51.
Bc5 Rd8 52. Qc6 Nc8 53. Rb2 Na7 54. Qe6 Qxb2 55. Qe7+ Kg8 56. Qxd8+ Kf7 57.
Bxa7 c5 58. Bxc5 1-0

[Event "9th Asian Continental w"]
[Site "Olongapo City PHI"]
[Date "2010.04.28"]
[Round "8"]
[White "Hakimifard,G"]
[Black "Ju Wenjun"]
[Result "0-1"]
[WhiteElo "2151"]
[BlackElo "2500"]
[EventDate "2010.04.21"]

1. e4 c5 2. Nf3 d6 3. d4 cxd4 4. Nxd4 Nf6 5. Nc3 a6 6. Be3 e5 7. Nb3 Be7 8.
f3 Be6 9. Qd2 O-O 10. O-O-O Nbd7 11. g4 b5 12. g5 b4 13. Ne2 Ne8 14. f4 a5
15. f5 Bxb3 16. cxb3 a4 17. bxa4 Rxa4 18. b3 Ra5 19. Ng3 Qa8 20. Kb1 d5 21.
exd5 Bc5 22. Bg1 Nd6 23. h4 Bxg1 24. Rxg1 Nc5 25. Rg2 Rb8 26. Qe3 Nxb3 27.
Qxe5 Nc5 28. Nh5 Ne8 29. g6 hxg6 30. fxg6 f6 31. Qd4 b3 32. a3 Rxa3 33. d6
b2 34. Bc4+ Kh8 35. Rxb2 Ra1+ 36. Kc2 Rxb2+ 37. Qxb2 Qg2+ 38. Rd2 Qe4+ 39.
Rd3 Qc6 0-1

[Event "9th Asian Continental w"]
[Site "Olongapo City PHI"]
[Date "2010.04.28"]
[Round "8"]
[White "Bernales,C"]
[Black "Hoang Thi Bao Tram"]
[Result "0-1"]
[WhiteElo "2043"]
[BlackElo "2318"]
[EventDate "2010.04.21"]

1. e4 e5 2. Nf3 d6 3. d4 Nd7 4. Nc3 Ngf6 5. Bc4 Be7 6. dxe5 dxe5 7. O-O c6
8. a4 O-O 9. h3 Qc7 10. Qe2 Nc5 11. Rd1 Ne6 12. Be3 h6 13. Nh4 Nxe4 14.
Nxe4 Bxh4 15. Nd6 Bf6 16. Qh5 Bd7 17. Nf5 Nf4 18. Rxd7 Qxd7 19. Bxf4 exf4
20. Rd1 Qe8 21. Rd6 Qe1+ 22. Kh2 Qe5 23. Rd7 Kh8 24. Qg4 Rad8 25. Rxf7 Rxf7
26. Bxf7 f3+ 27. Ng3 fxg2 28. Kxg2 Rf8 29. Qg6 Qg5 30. Qe4 Be5 31. Bc4 Qf4
32. Qe2 Bd4 33. Ne4 Re8 34. Bd3 Bxb2 35. Qh5 Rxe4 36. Qg6 Bd4 37. Bxe4
Qxf2+ 38. Kh1 Qf1+ 0-1

[Event "9th Asian Continental w"]
[Site "Olongapo City PHI"]
[Date "2010.04.28"]
[Round "8"]
[White "Xu Huahua"]
[Black "Wang Jue"]
[Result "1-0"]
[WhiteElo "2082"]
[BlackElo "2180"]
[EventDate "2010.04.21"]

1. e4 c5 2. Nf3 d6 3. Bb5+ Nd7 4. O-O Ngf6 5. Nc3 e6 6. d4 cxd4 7. Qxd4 Qc7
8. Bg5 Be7 9. Rad1 a6 10. Bxd7+ Bxd7 11. e5 dxe5 12. Nxe5 Rd8 13. Nxd7 Rxd7
14. Qa4 Qc6 15. Qxc6 bxc6 16. Na4 c5 17. c4 Rc7 18. Bf4 Rc6 19. b3 Nd7 20.
Rd2 f5 21. Rfd1 Nf6 22. f3 Kf7 23. Nb2 Nh5 24. Be5 Bf6 25. Rd7+ Kg6 26. Nd3
f4 27. g4 fxg3 28. hxg3 Rcc8 29. g4 Bxe5 30. Nxe5+ Kf6 31. Nd3 Rhd8 32.
Rxd8 Rxd8 33. gxh5 Kg5 34. Kf2 Rc8 35. Rg1+ Kf6 36. f4 Rc7 37. Rg5 Rd7 38.
Ke3 h6 39. Rxc5 Rd6 40. Rc7 g5 41. hxg6 Kxg6 42. c5 Rd8 43. Ne5+ Kh5 44. c6
a5 45. Rd7 Rc8 46. c7 a4 47. Nf7 a3 48. Nd6 e5 49. fxe5 1-0

[Event "9th Asian Continental w"]
[Site "Olongapo City PHI"]
[Date "2010.04.28"]
[Round "8"]
[White "Hoang Thi Nhu Y"]
[Black "Pham Le Thao Nguyen"]
[Result "1-0"]
[WhiteElo "2200"]
[BlackElo "2338"]
[EventDate "2010.04.21"]

1. d4 d5 2. Nf3 Nf6 3. Bf4 c6 4. c3 Bf5 5. Qb3 Qc8 6. h3 Nbd7 7. Na3 e6 8.
e3 Be7 9. Nh4 Be4 10. Qd1 h6 11. Nf3 a6 12. Nc2 c5 13. Bd3 b5 14. Bxe4 Nxe4
15. O-O O-O 16. Ne5 Ndf6 17. f3 Nd6 18. g4 Nc4 19. Rb1 Nxe5 20. Bxe5 Nh7
21. Qe2 Qc6 22. Kh2 Rae8 23. dxc5 Bxc5 24. Nb4 Qc8 25. Nd3 f6 26. Bg3 Rd8
27. Rbd1 Bd6 28. e4 Bxg3+ 29. Kxg3 dxe4 30. Qxe4 Ng5 31. Qe2 Qc7+ 32. f4
Nf7 33. Qxe6 Rfe8 34. Qf5 Qc6 35. Rfe1 Nd6 36. Qg6 Ne4+ 37. Kh4 Ng5 38.
Rxe8+ Rxe8 39. Ne5 Qc8 40. Rd7 Ne6 41. f5 1-0

[Event "9th Asian Continental w"]
[Site "Olongapo City PHI"]
[Date "2010.04.28"]
[Round "8"]
[White "Muminova,N"]
[Black "Suede,M"]
[Result "1-0"]
[WhiteElo "2338"]
[BlackElo "1949"]
[EventDate "2010.04.21"]

1. e4 e6 2. d4 d5 3. Nc3 Nf6 4. e5 Nfd7 5. f4 c5 6. Nf3 Nc6 7. Be3 a6 8.
Qd2 b5 9. Nd1 Qb6 10. c3 a5 11. Be2 cxd4 12. Nxd4 Nxd4 13. Bxd4 Bc5 14. O-O
O-O 15. Nf2 Ba6 16. Qe3 b4 17. Bxa6 Bxd4 18. cxd4 Qxa6 19. Nd3 Rac8 20. f5
exf5 21. Rxf5 Rc4 22. Raf1 Qb6 23. R5f4 Qg6 24. Qf3 Nb6 25. Rg4 Qh6 26. Rf4
Qg6 27. Nc5 Rc2 28. e6 f6 29. Rg4 Qe8 30. Qg3 Qe7 31. Nd3 Kh8 32. Nf4 Rxb2
33. Ng6+ hxg6 1-0

[Event "9th Asian Continental w"]
[Site "Olongapo City PHI"]
[Date "2010.04.28"]
[Round "8"]
[White "Mendoza,B"]
[Black "Salvador,A"]
[Result "0-1"]
[WhiteElo "2078"]
[BlackElo "2058"]
[EventDate "2010.04.21"]

1. d4 d5 2. c4 c6 3. Nf3 Nf6 4. Nc3 a6 5. cxd5 cxd5 6. Bf4 Nc6 7. e3 Bf5 8.
Rc1 Qb6 9. Qd2 e6 10. a3 Rc8 11. Be2 Be7 12. O-O O-O 13. h3 Rfd8 14. b4 Ne4
15. Qb2 Nxc3 16. Rxc3 Na7 17. Rfc1 Rxc3 18. Rxc3 Rc8 19. Ne5 Qd8 20. Qc1
Rxc3 21. Qxc3 f6 22. Nf3 Qc8 23. Qxc8+ Nxc8 24. Nd2 Bc2 25. Bc7 Bd6 26. Bd8
Kf7 27. b5 axb5 28. Bxb5 Bxa3 29. Bd7 Nd6 30. Bc7 Ke7 31. Bxd6+ Kxd6 32.
Bb5 e5 33. Kf1 exd4 34. exd4 Bb2 35. Nf3 Be4 36. Ke2 Bxf3+ 37. Kxf3 Bxd4
38. Bd3 h6 39. Kg4 Bxf2 40. Kf5 Bd4 41. Kg6 f5 42. Kxf5 Kc5 43. Ke6 b5 44.
g4 b4 45. Kf5 Bf6 46. Kf4 Kd4 47. Bg6 b3 48. Kf3 Kc3 49. Ke2 Kb2 50. Bf7
Kc1 51. Bxd5 b2 52. Be4 b1=Q 53. Bxb1 Kxb1 54. Kf3 Kc2 55. Ke4 Kd2 56. Kf5
Ke3 57. Kg6 Kf4 58. Kh5 Kg3 0-1

[Event "9th Asian Continental w"]
[Site "Olongapo City PHI"]
[Date "2010.04.28"]
[Round "8"]
[White "Al Zarouni,K"]
[Black "Dewi,A"]
[Result "1/2-1/2"]
[WhiteElo "1868"]
[BlackElo "1945"]
[EventDate "2010.04.21"]

1. e4 c5 2. c3 Nf6 3. e5 Nd5 4. d4 cxd4 5. Nf3 Nc6 6. cxd4 d6 7. Bc4 Nb6 8.
Bb3 e6 9. O-O Be7 10. Qe2 O-O 11. Qe4 Nd7 12. Rd1 d5 13. Qg4 f5 14. Qh5 Qe8
15. Qxe8 Rxe8 16. Nc3 a6 17. Bg5 Bf8 18. Rac1 Nb6 19. Na4 Nxa4 20. Bxa4 Bd7
21. Bxc6 Bxc6 22. Nd2 Rac8 23. Nb3 Ba4 24. Rxc8 Rxc8 25. Rc1 Rxc1+ 26. Nxc1
Bc2 27. Bd2 Be7 28. f4 Kf7 29. Kf2 Bd8 30. Bb4 Bb6 31. Ke3 h6 32. g3 g5 33.
Bc3 gxf4+ 34. Kxf4 Bd8 35. h3 Kg6 36. Ne2 Bd1 37. Nc1 Bc2 38. Ne2 Be7 39.
Ke3 b5 40. Nf4+ Kf7 41. b4 Bb1 1/2-1/2

[Event "9th Asian Continental w"]
[Site "Olongapo City PHI"]
[Date "2010.04.28"]
[Round "8"]
[White "Tan Zhongyi"]
[Black "Wang Yu A"]
[Result "1-0"]
[WhiteElo "2464"]
[BlackElo "2335"]
[EventDate "2010.04.21"]

1. d4 d5 2. c4 c6 3. Nf3 Nf6 4. Nc3 e6 5. Bg5 h6 6. Bxf6 Qxf6 7. e3 Nd7 8.
Bd3 dxc4 9. Bxc4 g6 10. O-O Bg7 11. b4 O-O 12. Qb3 e5 13. d5 Nb6 14. dxc6
bxc6 15. Ne4 Qe7 16. Nfd2 Rb8 17. a3 Bf5 18. Rac1 Rfd8 19. Rfd1 a5 20. bxa5
Nxc4 21. Qxc4 Qxa3 22. Ra1 Qb2 23. h3 Be6 24. Qc1 Bf8 25. Nf3 Rxd1+ 26.
Qxd1 Be7 27. a6 Ra8 28. a7 Kg7 29. Rb1 Qa2 30. Nxe5 Rxa7 31. Nxc6 Rd7 32.
Nd4 Kh7 33. Qc1 Qa8 34. Nc3 Rc7 35. Nxe6 fxe6 36. Qd2 Qa5 37. Ne4 Qd5 38.
Qxd5 exd5 39. Nd2 Bf6 40. Nf3 Kg7 41. Rb5 Rd7 42. Nd4 Bxd4 43. exd4 Kf6 44.
Rb6+ Kf5 45. g4+ Ke4 46. Rxg6 Rh7 47. Kg2 Kxd4 48. f4 h5 49. g5 Ke4 50. Kg3
Rd7 51. Re6+ Kf5 52. Re5+ Kg6 53. h4 d4 54. f5+ Kf7 55. Kf4 d3 56. g6+ Kf8
57. f6 d2 58. g7+ Kf7 59. Re8 Rd4+ 60. Ke3 Rd3+ 61. Kxd3 1-0

[Event "9th Asian Continental w"]
[Site "Olongapo City PHI"]
[Date "2010.04.28"]
[Round "8"]
[White "Lkhamsuren,U"]
[Black "Kiran,M"]
[Result "1/2-1/2"]
[WhiteElo "2115"]
[BlackElo "2259"]
[EventDate "2010.04.21"]

1. e4 c5 2. Nf3 Nc6 3. d4 cxd4 4. Nxd4 Nf6 5. Nc3 d6 6. Bg5 e6 7. Qd2 Be7
8. O-O-O O-O 9. f3 Nxd4 10. Qxd4 Qa5 11. h4 a6 12. Kb1 b5 13. Qd2 b4 14.
Ne2 e5 15. Nc1 Be6 16. Nb3 Qa4 17. g4 Rfd8 1/2-1/2

[Event "9th Asian Continental w"]
[Site "Olongapo City PHI"]
[Date "2010.04.28"]
[Round "8"]
[White "Nguyen Thi Thanh An"]
[Black "Sukandar,I"]
[Result "1/2-1/2"]
[WhiteElo "2309"]
[BlackElo "2316"]
[EventDate "2010.04.21"]

1. d4 Nf6 2. Nf3 e6 3. Bf4 b6 4. e3 Bb7 5. h3 Be7 6. Bd3 d6 7. O-O O-O 8.
Bh2 Nbd7 9. c4 Ne4 10. Qc2 f5 11. Nfd2 Ndf6 12. Nc3 Nxd2 13. Qxd2 Qd7 14.
Qc2 Kh8 15. Rad1 Ng8 16. Rfe1 Bh4 17. Rf1 Qf7 18. Ne2 Rae8 19. Bg3 Bd8 20.
c5 e5 21. c6 Bc8 22. dxe5 dxe5 23. Qa4 Qf6 24. Bb5 a6 25. Bxa6 Bxa6 26.
Qxa6 Qxc6 27. Rxd8 Rxd8 28. Bxe5 Rd5 29. Nd4 Qd7 30. f4 Ne7 31. Qb7 Ng6 32.
Bxc7 Rc5 33. Qxb6 Qxc7 34. Qxc7 Rxc7 35. Ne6 Rc2 36. Nxf8 Nxf8 37. Rb1 Ne6
38. a4 Kg8 39. a5 Kf7 40. b4 Ra2 41. Rd1 Ke7 42. Rd5 g6 43. Rb5 Nc7 44. Rb7
Kd6 45. g4 Kc6 46. Rb6+ Kd5 47. gxf5 gxf5 48. Rb7 Kc6 49. Rb8 Nd5 50. b5+
Kc7 51. Ra8 Kb7 52. Rd8 Nxe3 53. Rd7+ Kc8 54. Rd3 Ng2 55. Rf3 Nh4 56. Re3
Kb7 57. Rd3 Rxa5 58. Rd7+ Kc8 59. Rxh7 Ng6 60. b6 Nxf4 61. b7+ Kb8 62. h4
Rb5 63. Rf7 Nh5 64. Kf2 f4 65. Rh7 Rf5 66. Kf3 Ka7 67. Rd7 Rb5 68. Rf7 Rxb7
69. Rxf4 Nxf4 70. Kxf4 Rb5 71. Kg4 Kb7 72. h5 Kc7 73. h6 Kd7 74. h7 Rb8 75.
Kg5 Ke7 76. Kg6 Rf8 77. Kg7 Rf7+ 78. Kg8 Rf8+ 79. Kg7 1/2-1/2

[Event "9th Asian Continental w"]
[Site "Olongapo City PHI"]
[Date "2010.04.29"]
[Round "9"]
[White "Pourkashiyan,A"]
[Black "Tan Zhongyi"]
[Result "1/2-1/2"]
[WhiteElo "2292"]
[BlackElo "2464"]
[EventDate "2010.04.21"]

1. e4 d6 2. d4 g6 3. Nc3 Bg7 4. Be3 a6 5. a4 Nf6 6. h3 O-O 7. Nf3 Nc6 8.
Bc4 e6 9. O-O d5 10. exd5 exd5 11. Bb3 Ne7 12. Bf4 c6 13. Be5 Bf5 14. a5
Ne4 15. Bxg7 Kxg7 16. Re1 Nc8 17. Nxe4 Bxe4 18. c3 Nd6 19. Bc2 Re8 20. Ne5
Qg5 21. Bxe4 dxe4 22. Qg4 Qxg4 23. hxg4 f6 24. Nd7 Re7 25. Nc5 Rae8 26. Re2
Kh6 27. Rae1 Kg5 28. f3 e3 29. g3 h5 30. gxh5 gxh5 31. Kg2 h4 32. gxh4+
Kxh4 33. Rh1+ Kg5 34. Kf1 Kf4 35. Rh3 Nc4 36. Nd3+ Kf5 37. Rh5+ Ke6 38.
Nc5+ Kd6 39. Ne4+ Rxe4 40. fxe4 Rxe4 41. Rg2 Ke6 42. Ke2 f5 43. Rg6+ Kf7
44. Rgh6 f4 45. Rh7+ Kg6 46. R7h6+ Kf7 47. Rh7+ Ke6 48. R5h6+ Kf5 49. Rh5+
Kf6 50. R5h6+ Kf5 1/2-1/2

[Event "9th Asian Continental w"]
[Site "Olongapo City PHI"]
[Date "2010.04.29"]
[Round "9"]
[White "Wang Yu A"]
[Black "Sachdev,T"]
[Result "1/2-1/2"]
[WhiteElo "2335"]
[BlackElo "2393"]
[EventDate "2010.04.21"]

1. e4 e5 2. Bc4 Nf6 3. d3 Bc5 4. Nc3 h6 5. Be3 d6 6. Bxc5 dxc5 7. Nge2 Nc6
8. a3 O-O 9. O-O a6 10. h3 Qd6 11. f4 Be6 12. Bxe6 fxe6 13. Qd2 Rf7 14. Rf2
Raf8 15. Raf1 Nd4 16. fxe5 Qxe5 17. Nd1 c4 18. Nxd4 Qxd4 19. Qc3 Qxc3 20.
Nxc3 cxd3 21. cxd3 Rd7 22. e5 Nh7 23. Rxf8+ Nxf8 24. Rd1 Rd4 25. Kf2 Nd7
26. Ke3 c5 27. b4 b6 28. bxc5 bxc5 29. Ne4 Rd5 30. d4 cxd4+ 31. Rxd4 Nxe5
32. Rxd5 exd5 33. Nc5 Nc4+ 34. Kd4 Nxa3 35. Nxa6 Nc2+ 36. Kxd5 Ne3+ 37. Ke4
Nxg2 38. Kf3 Nh4+ 39. Kg4 Ng6 40. Nb4 Kf7 41. Nd5 Ke6 42. Nc7+ Kf7 43. Nd5
Ne7 44. Nf4 1/2-1/2

[Event "9th Asian Continental w"]
[Site "Olongapo City PHI"]
[Date "2010.04.29"]
[Round "9"]
[White "Hoang Thi Bao Tram"]
[Black "Ding Yixin"]
[Result "1/2-1/2"]
[WhiteElo "2318"]
[BlackElo "2315"]
[EventDate "2010.04.21"]

1. d4 Nf6 2. Bg5 Ne4 3. Bf4 d5 4. e3 c5 5. c3 Qb6 6. Qc1 Nc6 7. Nf3 Bf5 8.
Bd3 Rc8 9. O-O Ng3 10. Bxg3 Bxd3 11. dxc5 Qxc5 12. Rd1 Bg6 13. Na3 e6 14.
c4 Nb4 15. Qd2 Qb6 16. cxd5 Nxd5 17. Ne5 Bxa3 18. bxa3 Rc2 19. Qe1 Qa6 20.
Rdc1 O-O 21. Rxc2 Bxc2 22. Rc1 Qa4 23. Qe2 Bg6 24. Qb2 Rd8 25. h3 Qa6 26.
Kh2 Re8 27. Nxg6 hxg6 28. Be5 f6 29. Bg3 Kf7 30. e4 Nb6 31. Qb4 Re7 32. Qd6
Qa4 33. Qd8 Rd7 34. Rc7 Rxc7 35. Qxc7+ Qd7 36. Qb8 a6 37. Bc7 Qc6 38. Qd8
Nc4 39. f3 g5 40. Bg3 Nxa3 41. e5 Nc4 42. exf6 gxf6 43. Qh8 Nd6 44. Qh7+
Kf8 45. Qg6 Ke7 46. h4 gxh4 47. Bxh4 Qc3 48. Qh7+ Nf7 49. Qg8 Qc4 50. Bf2
Qc2 51. Bb6 Qc6 52. Bf2 b5 53. Be1 Qd6+ 54. Bg3 Qd2 55. Qc8 Ng5 56. Qc7+
Qd7 57. Qb6 Qc8 58. Qa7+ Kf8 59. Bh4 Kg8 60. Bxg5 fxg5 61. Qe7 Qb8+ 62. Kg1
Qe5 63. Qe8+ Kg7 64. Qe7+ Kh6 65. Qa3 1/2-1/2